Ứng dụng lượng giác cầu trong thiên văn học
Ứng dụng lượng giác cầu trong thiên văn. Một số bài tập tiêu biểu của lượng giác cầu trongthiên văn.
Spremljeno u:
| Glavni autor: | |
|---|---|
| Daljnji autori: | |
| Format: | Knjiga |
| Jezik: | Vietnamese |
| Izdano: |
Đà Nẵng
Đại học Đà Nẵng
2009
|
| Teme: | |
| Oznake: |
Dodaj oznaku
Bez oznaka, Budi prvi tko označuje ovaj zapis!
|
| Thư viện lưu trữ: | Mạng thư viện Đại học Đà Nẵng |
|---|
| LEADER | 01340nam a2200349 4500 | ||
|---|---|---|---|
| 001 | 000012191 | ||
| 003 | 8484 | ||
| 005 | 20120216140256.0 | ||
| 008 | 120216s2009 viesd | ||
| 041 | |a vie | ||
| 072 | |a Khóa luận tốt nghiệp | ||
| 082 | |a 550 |b NG-L | ||
| 100 | |a Nguyễn, Thị Liên |e Tác giả | ||
| 245 | |a Ứng dụng lượng giác cầu trong thiên văn học |c Nguyễn Thị Liên | ||
| 260 | |a Đà Nẵng |b Đại học Đà Nẵng |c 2009 | ||
| 300 | |a 54 tr. |c 29 cm | ||
| 500 | |a Khóa luận tốt nghiệp khoa Vật lý. Lớp 05 VL | ||
| 520 | |a Ứng dụng lượng giác cầu trong thiên văn. Một số bài tập tiêu biểu của lượng giác cầu trongthiên văn. | ||
| 653 | |a Thiên văn học | ||
| 653 | |a Lượng giác cầu | ||
| 653 | |a Ứng dụng | ||
| 700 | |a Trương Thành |c Th.S |e Hướng dẫn | ||
| OWN | |a LSP | ||
| AVA | |a UDN50 |b LSP |d 550 NG-L |e available |t Error 5001 Not defined in file expand_doc_bib_avail. |f 1 |g 0 |h N |i 0 |k 1 | ||
| 999 | |a From the UDN01 | ||
| AVA | |a UDN50 |b LSP |d 550 NG-L |e available |t Error 5001 Not defined in file expand_doc_bib_avail. |f 1 |g 0 |h N |i 0 |k 1 | ||
| TYP | |a Monograph | ||
| TYP | |a Printed language | ||
| 980 | |a Mạng thư viện Đại học Đà Nẵng | ||